000 01442nam a2200325 a 4500
001 BRCA_3359
005 20190320204237.0
008 260309s1895----enka---###---#000-0#eng-#
041 _aeng
044 _aenk
084 _a653
_b.R68
_c1895
100 1 _aCervantes Saavedra, Miguel de
_d1547-1616
_9213
245 1 0 _aEl Ingenioso Hidalgo Don Quijote de la Mancha
_cComposed by Miguel de Cervantes Saavedra; Translated by Charles Jarvis with an Introduction by Henry Morley.
260 _aLondres
_bGeorge Routledge and Sons
_c1895
300 _a1 v. en 2 partes
_bil.
_c21 cm.
500 _aContenido : Primera parte. Introducción de H. Morley. Versos Preliminares. Prólogo del autor. Segunda parte. Prólogo del autor
500 _aReproducción de la traducción de Jarvis, publicada en 1885, por los mismos editores, pero con láminas de Gilbert Lúdovik Osterc
500 _aQM1060
546 _aTexto en : inglés
650 1 4 _aNovela española
_yÉpoca clásica, 1500-1700
_9215
650 1 4 _aLiteratura española
_yÉpoca clásica, 1500-1700
_9216
650 1 4 _aNovela española
_ySiglo XVII
_9217
650 1 4 _aDon Quijote (Personaje ficticio)
_eNovela
_9218
700 1 _aJarvis, Charles
_d?-1739
_eTraductor
_98853
700 1 _aMorley, Henry
_d1822-1894
_eEditor
_98854
700 1 _aGilbert, John
_d1817-1897
_eIlustrador
_98855
740 0 _aEl Ingenioso Hidalgo Don Quijote de la Mancha
902 _aQFM
942 _2lcc
_cB
999 _c3095
_d3095